Goofy's big race

Bibliographic Details
Format: Book
Published: Toronto : Bantam Books , 1986
Series:Walt Disney fun-to-read library
Subjects:

MARC

LEADER 00000cam a2200000 7i4500
001 0000005711
002 000006174
005 20000330.0
020 |a 0553055771 
090 0 0 |a JR   |b GOO 
245 0 0 |a Goofy's big race 
260 |a Toronto :   |b Bantam Books ,   |c 1986 
300 |a p.v. :   |b ill. ;   |c 26 cm. 
490 0 |a Walt Disney fun-to-read library 
650 0 0 |a Children's stories 
999 |a 022744   |b BUKU   |c PINJAMAN   |e PERPUSTAKAAN KOMUNITI PETALING JAYA